000 00455nam a2200169Ia 4500
008 230917s9999||||xx |||||||||||||| ||und||
020 _cRS 995.00
040 _e5001528
_aMAIN
041 _aEnglish
082 _a780.954 S23B
100 _aSharma, Sanjeev Kumar
245 0 _aBharatiya sangeet parampara
260 _aNew Delhi
_bK K Publications
_c2022
300 _a248 p.
500 _a4584 17/10/2022 HBD22/9425 19/10/2022 Main Budget
942 _cBK
999 _c5862
_d5862